Statistiques concernant Les noms d'oiseaux par lettres -S

Cliquez ici pour prendre le quiz!

Statistiques générales

  • Ce quiz a été pris 28 fois
  • Le résultat moyen est 10 sur 43

Statistiques - réponses

Réponse% Correct
Sterne
100%
Spatule
90%
Serin
81%
Sitelle
67%
Sarcelle
57%
Souimanga
52%
Saphir
48%
Sarcoramphe
48%
Savacou
48%
Sourciroux
48%
Sporophile
48%
Spréo
48%
Sturnelle
48%
Sucrier
48%
Sylphe
48%
Saltator
38%
Synallaxe
33%
Sentinelle
29%
Serpentaire
24%
Sclérure
10%
Sirli
10%
Sittine
10%
Sizerin
10%
Salangane
0%
Saltaticule
0%
Sapayoa
0%
Scissirostre
0%
Sénégali
0%
Séricorne
0%
Shama
0%
Sicale
0%
Siffleur
0%
Smaragdan
0%
Solitaire
0%
Sphécothère
0%
Spizin
0%
Sporopipe
0%
Starique
0%
Stictonette
0%
Stizorhin
0%
Stourne
0%
Streptocitte
0%
Syrrhapte
0%

Distribution des résultats

Percentile par nombre de réponses

% des personnes avec chaque résultat

Votre développement - résultats

Vous n’avez pas pris ce quiz